Ιστορία του παππού : 1822
Αποθηκεύτηκε σε:
| Κύριος συγγραφέας: | |
|---|---|
| Άλλοι συγγραφείς: | , , |
| Μορφή: | Βιβλίο |
| Γλώσσα: | Greek English |
| Δημοσίευση: |
Χίος :
Φιλοπρόοδος Όμιλος Κάμπου,
1992.
|
| Έκδοση: | 3η έκδ. |
| Θέματα: | |
| Ετικέτες: |
Προσθήκη ετικέτας
Δεν υπάρχουν, Καταχωρήστε ετικέτα πρώτοι!
|
MARC
| LEADER | 00000cam a2200000 i 4500 | ||
|---|---|---|---|
| 001 | 1/59601 | ||
| 008 | 020321s1992 gr | ||| |||| ||gre|| | ||
| 035 | |l 10000529 | ||
| 040 | |a GR-MY-UA |b gre |e aacr | ||
| 041 | 1 | |a gre |h eng | |
| 082 | 7 | |a 938.509 |2 (22) | |
| 100 | 1 | |a Καλβοκορέσης, Λεωνής Μ. | |
| 245 | 1 | 0 | |a Ιστορία του παππού : |b 1822 / |c Λ. Μ. Καλβοκορέση ; εισαγωγή και ευρετήριο: Στερ. Φασουλάκη ; επιμέλεια αγγλικής μετάφρασης: Μαρία Θ. Χαβιάρα, Μίλτος Καλβοκορέσης. |
| 250 | |a 3η έκδ. | ||
| 260 | |a Χίος : |b Φιλοπρόοδος Όμιλος Κάμπου, |c 1992. | ||
| 300 | |a ε, 69 σ. : |b εικ. ; |c 22 εκ. | ||
| 500 | |a Μετάφραση του: Grandfather's tale, 1822. | ||
| 504 | |a Περιλαμβάνει ευρετήριο. | ||
| 650 | 0 | 0 | |a Historical fiction, Greek (Modern) |
| 651 | 0 | |a Greece |x History |y 1821- | |
| 700 | 1 | |a Φασουλάκης, Στέργιος, |e aui | |
| 700 | 1 | |a Χαβιάρα, Μαρία Θ. |e trlf | |
| 700 | 1 | |a Καλβοκορέσης, Μίλτος, |e trl | |
| 852 | |a INST |b CHIOS |e 20020321 |h 938.509 ΚΑΛ |p 005200020011 |q 005200020011 |t BK |y 0 | ||
| 901 | |a BIBL2-2002-1 | ||
| 922 | |a 2ΕΛΗ |b 200111 |c ΒΙΒΛΙΟΘΗΚΗ ΧΙΟΥ |d ΚΡΟΜΜΥΔΑΣ | ||
| 970 | |a ΣΑΛΑΜΟΥΡΑ |b ΜΑΡΙΑ |z 2002/03/21 | ||